000 002760000a22000970004500
100 1 _aBillington, Antony
245 1 0 _aTeasures New and Old : Literary approaches to biblical interpretation
300 _aVol. 13, Nñum 3 (1995), Páginas 83-89
773 0 _tEvangel
942 _cANA
999 _c54204
_d54204